Memoria 1987. /
Guardado en:
| Autor Corporativo: | |
|---|---|
| Formato: | Libro |
| Idioma: | Spanish |
| Publicado: |
Mar del Plata :
INIDEP,
[1988]
|
| Etiquetas: |
Agregar Etiqueta
Sin Etiquetas, Sea el primero en etiquetar este registro!
|
| LEADER | 00451nam a22001335a 4500 | ||
|---|---|---|---|
| 001 | EEA.libagro004129 | ||
| 005 | 20190401120133.0 | ||
| 008 | 130809s1988####ag#a##########000#0#spa#d | ||
| 082 | 0 | 4 | |a 639.2 |
| 110 | 2 | |a Instituto Nacional de Investigación y Desarrollo Pesquero (Argentina) | |
| 245 | 1 | 0 | |a Memoria 1987. / |c INIDEP. |
| 260 | |a Mar del Plata : |b INIDEP, |c [1988] | ||
| 300 | |a 32 p. : |b il. ; |c 25 cm. | ||
| 859 | |a AR-BbBCA |b BIB. AGRONOMIA |h 639.2 |i M322 1987 |p 1989/1370 | ||
